2024年中国铁路12306售票的所有席别 All Seat Classes in Chinese Railway Trains - Statistics

General Stats
  • This quiz has been taken 15 times
  • The average score is 11 of 21
Answer Stats
席别 代表车次 % Correct
软座 T7775
100%
软卧 Z21
100%
无座 1461
93%
硬座 1461
93%
二等座 G1
93%
一等座 G1
93%
商务座 G1
93%
硬卧 Z21
80%
动卧 D901
60%
高级软卧 Z15
47%
二等卧 D37
47%
一等卧 D37
47%
特等座 G897
40%
高级动卧 D3072
27%
优选一等座 G1
20%
二等软座 T7785
13%
一等软座 T7785
13%
多功能座 G7831
13%
包厢硬卧 4652
13%
一人软包 Y752
13%
混编硬座 K6321
0%
No matching quizzes found
Score Distribution
Percent of People with Each Score
Percentile by Number Answered
Your Score History
You have not taken this quiz